| 000 | 00366cam a2200145ua 4500 | ||
|---|---|---|---|
| 041 |
_aeng _h |
||
| 082 |
_a823.308 _bJAM/AR |
||
| 100 | _aJameson, Storm . | ||
| 245 |
_aAristide case / _cStorm Jameson. _hTextual Documents |
||
| 260 |
_aMelbourne : _bMacMillan and Company Limited , _c1964. |
||
| 300 | _a217 ; . | ||
| 504 | _a | ||
| 942 | _cBK | ||
| 999 |
_c1042 _d1042 |
||